جر م و سز ا کا ا سلا می فلسفہ (Record no. 170408)

MARC details
000 -LEADER
fixed length control field 00625nam a22001937a 4500
005 - DATE AND TIME OF LATEST TRANSACTION
control field 20191213173236.0
010 ## - LCCN (DPL NO)
LC control number A-420196
020 ## - INTERNATIONAL STANDARD BOOK NUMBER
Terms of availability 18.00
International Standard Book Number -
035 ## - SYSTEM CONTROL NUMBER
System control number A-420196
037 ## - SOURCE OF ACQUISITION
Source of stock number/acquisition BPPD
082 ## - DEWEY DECIMAL CLASSIFICATION NUMBER
Classification number 270.58
100 ## - MAIN ENTRY--PERSONAL NAME
Personal name تنز يل ا لر حمن
245 ## - TITLE STATEMENT
Title جر م و سز ا کا ا سلا می فلسفہ
Statement of responsibility, etc تنز يل ا لر حمن
246 ## - VARYING FORM OF TITLE
Title proper/short title Jurm-o-Saza Ka Islami Falsafa (Urdu)
Remainder of title by Tanzeel Ur Rehman
260 ## - PUBLICATION, DISTRIBUTION, ETC. (IMPRINT)
Place of publication, distribution, etc Delhi
Date of publication, distribution, etc 1988 ء
Name of publisher, distributor, etc Darul Quraan
270 ## - ADDRESS
Address 1397-Pahari Imli,Jama Masjid
City Delhi
Telephone number -
Postal code 110006
300 ## - PHYSICAL DESCRIPTION
Extent 159 ص
Dimensions 22 cm(hb)
942 ## - ADDED ENTRY ELEMENTS (KOHA)
Source of classification or shelving scheme Dewey Decimal Classification
Item type Urdu Bks
Classification part 270.58
Call number suffix ت ن ز
Holdings
Withdrawn status Lost status Not for loan Collection code Home library Current library Date acquired Source of acquisition Cost, normal purchase price Full call number Barcode Copy number Cost, replacement price Koha item type
      Non-fiction Central Library Central Library 13/12/2019 BPPD/Ven. 18.00 270.58 ت ن ز A-420196 1 18.00 Urdu Bks

© Delhi Public Library
Hit Counter
free hit counter